| 000 | 00634nam a2200205 u 4500 | ||
|---|---|---|---|
| 005 | 20240228063929.0 | ||
| 008 | 080522s2007 r 000 0 eng d | ||
| 020 | _a1404267603 | ||
| 035 | _aUPN01000156173 | ||
| 049 | _aI | ||
| 050 | 4 |
_aPZ71 _bS5.86 |
|
| 100 | 1 | _aSheehan, P.J. | |
| 245 | 1 | 4 |
_aUna gran victoria / _cP.J. Sheehan ; tr. José María Obregón. |
| 260 |
_aNew York : _bRosen Classroom Books & Matrials, _c2007. |
||
| 300 |
_a12 p. : _bprincipalmente il. col. |
||
| 440 | 0 |
_aLecturas del barrio. _pNarrativa |
|
| 650 | 4 |
_aLibros y lectura para niños _92290 |
|
| 650 | 4 |
_aJUEGOS DE PELOTA _910949 |
|
| 905 | _aInfantil | ||
| 999 |
_c128287 _d128287 |
||